| 000 | 01099nam a2200325Ia 4500 | ||
|---|---|---|---|
| 003 | GCL | ||
| 008 | 140319s9999 xx 000 0 ara d | ||
| 040 |
_aGCL / _cGCL |
||
| 082 | 0 | 4 |
_aق _b923.1 _bر ث |
| 100 | 1 | _aرفعت سيد احمد | |
| 245 | 1 | 0 |
_aثورة الجنرال\ قصة جمال عبد الناصر كاملة من الميلاد الى الموت 1918 - 1970 / _cرفعت سيد احمد |
| 260 |
_a[S.N] : _bدار الهدى ، _c1993 |
||
| 300 | _a999 ص | ||
| 490 | _a | ||
| 650 | 0 | 4 | _aمصر |
| 650 | 0 | 4 | _aالشيوعية |
| 650 | 0 | 4 | _aالاشتراكية |
| 650 | 0 | 4 | _aالقضية الفلسطينية |
| 650 | 0 | 4 | _aالاحوال الثقافية |
| 650 | 0 | 4 | _aثورة 23 يوليو 1952 |
| 650 | 0 | 4 | _aالحياة الدينية |
| 650 | 0 | 4 | _aالاعتداء الثلاثى على مصر 1956 |
| 650 | 0 | 4 | _aالميلاد |
| 650 | 0 | 4 | _aالمنشاة |
| 650 | 0 | 4 | _aالتغير الاجتماعى |
| 650 | 0 | 4 | _aخطب وتصريحات |
| 650 | 0 | 4 | _aالاخوان المسلمون |
| 650 | 0 | 4 | _aجمال عبدالناصر |
| 942 |
_2ddc _cBK |
||
| 999 |
_c52992 _d52992 |
||